000 00426nam a2200181Ia 4500
001 23111
005 20260414150915.0
008 260414t2014||||xx |||||||||||||| ||spa||
041 _aESP
082 _a624.1834
_bR68 T. 4
100 _aRivva López, Enrique
_eAUT
245 0 _aAtaques al concreto
_b
260 _c2014
300 _a300 páginas :
_c30 cm.
650 _a0
654 _aCIC
942 _cLIB
_dJUS
_fJUS
_2ddc
_n
999 _c23111
_d23111